Statistics for Countries of South America in Alphabetical Order (Easy)

Click here to take the quiz!

General Stats

  • This quiz has been taken 25 times
  • The average score is 11 of 12

Answer Stats

Country% Correct
Argentina
100%
Brazil
100%
Bolivia
94%
Chile
94%
Colombia
94%
Ecuador
89%
Guyana
89%
Uruguay
83%
Paraguay
78%
Peru
78%
Venezuela
78%
Suriname
72%

Score Distribution

Percentile by Number Answered

Percent of People with Each Score

Your Score History

You have not taken this quiz